Farba, svetlo a pohyb k šesťdesiatke akademického maliara Milana Dobeša

Podrobná bibliografia
Hlavný autor: Bonko, Ivan, 1923-2000 (Autor)
Médium: Článok
Jazyk:slovenčina
Fyzický popis:Obr. 1.
Predmet:

MARC

LEADER 00000nab a2200000 a 4500
001 vtls000359912
003 SK-MaSNL
005 20260305024042.0
008 160215c1989 xo 0 slo
015 |a SNBRB19rr/mm-uuuuu 
035 |a CL0360034 
040 |a SNKBUCL  |b slo  |c SNKBUCL  |e AACR2 
041 0 |a slo 
044 |a xo  |c SK 
080 |a 75.071.1  |2 1981 
080 |a 76.071.1  |2 1981 
080 |a 929 Dobeš, Milan  |2 1981 
100 1 |a Bonko, Ivan,  |d 1923-2000  |4 aut  |9 181322 
245 1 0 |a Farba, svetlo a pohyb  |b k šesťdesiatke akademického maliara Milana Dobeša  |c Ivan Bonko 
300 |b Obr. 1. 
600 1 7 |a Dobeš, Milan,  |d 1929-2025  |2 snkbucl  |9 261371 
650 0 7 |a výtvarníci  |2 snkbucl  |9 118705 
650 0 7 |a maliari  |2 snkbucl  |9 3150 
650 0 7 |a grafici  |2 snkbucl  |9 87837 
655 7 |a profily  |2 snkbucl  |9 341977 
655 7 |a články z novín a časopisov  |2 snkbucl  |9 267496 
773 0 |t Pravda  |g Roč. 70, č. 176 (28. 7. 1989), s. 5 
850 |a Slovenská národná knižnica v Martine  |a MTA001 
852 |a SNK  |b KIS3GCP 
958 |a BX 
958 |a RK 
992 |a RBX 
999 |c 3300540  |d 3302470